Historia del tiempo: del big bang a los agujeros negros
Enregistré dans:
| Auteur principal: | |
|---|---|
| Format: | Livre |
| Langue: | espagnol |
| Publié: |
Buenos Aires
Crítica
1988
|
| Collection: | Serie Mayor
|
| Sujets: | |
| Tags: |
Ajouter un tag
Pas de tags, Soyez le premier à ajouter un tag!
|
MARC
| LEADER | 00000nam a2200000 a 4500 | ||
|---|---|---|---|
| 001 | UCW0791 | ||
| 003 | CL-VaPUC | ||
| 008 | 890713e19880000AG |||||||||||||||||spa|d | ||
| 082 | 0 | 4 | |a 530.11 |b HAW |2 21 |
| 100 | |a Hawking, Stephen W |e author |9 304728 | ||
| 245 | 1 | 0 | |a Historia del tiempo: del big bang a los agujeros negros |
| 300 | |a 245 p | ||
| 942 | |c BK | ||
| 945 | |d 19890713 00:00:00 |a mfernand | ||
| 260 | |a Buenos Aires |b Crítica |c 1988 | ||
| 650 | 0 | |a Espacio y tiempo |9 265042 | |
| 650 | 0 | |a Tiempo |9 267892 | |
| 650 | 0 | |a Astronomía |9 260985 | |
| 583 | |a last modification |c 19890713 00:00:00 |k Rodrigo Vera | ||
| 490 | 0 | |a Serie Mayor | |
| 999 | |c 215849 |d 215847 | ||
| 952 | |0 0 |1 0 |4 0 |6 530_110000000000000_HAW_1988 |7 0 |8 A |9 200962 |a BIBMAT |b BIBMAT |d 2019-11-14 |i 268098K |o 530.11 HAW 1988 |p 268098K |r 2025-01-07 |w 2019-11-14 |y BK |k MAT | ||